000 01314naa a22003257a 4500
001 BR8401282
003 BR-BrBNA
005 20240918175422.0
007 ta
008 230509b bl.||||| |||| 00| 0 por d
040 _aBR-BrBNA
_bpor
_cBiblioteca Nacional de Agricultura
041 _a(Pt)
072 _aT00
_b3862
_bG514
090 _aT00 BR8401282
100 1 _aScalise, J.R.
111 1 _a2. Seminario Tecnico sobre Meio Ambiente
_cSao Paulo, SP (Brazil)
_d15-17 Aug 1983
245 1 _aLixo industrial e tambores usados [residuo industrial, poluicao, tratamento, meio ambiente, conservacao, Brasil]
246 1 _a[Industrial waste and containers utilized [industrial residue, pollution, treatment, environment, conservation, Brazil]]
246 1 _a[Annals of the 2. Expert Seminar on Environment]
260 3 _aSao Paulo, SP (Brasil):
_c1983.
500 _aAnais do 2. Seminario Tecnico sobre Meio Ambiente Sao Paulo, SP (Brasil): 1983. p. 168-170 (BR8401282-AM)T00
650 _aPOLUICAO
650 _aRESIDUO INDUSTRIAL
650 _aTRATAMENTO
650 _aMEIO AMBIENTE
650 _aCONSERVACAO
773 0 _tAnais do 2. Seminario Tecnico sobre Meio Ambiente
_wT00 BR8401282
_gSao Paulo, SP (Brasil), 1983. p. 168-170
909 _a202404
_bLucia
_c55
_dLucia Elande
942 _cAM
_2AGRIS
999 _c316610
_d316610